Fakta bersepadu SPM bahasa Melayu

Bibliographic Details
Main Author: Tan Huat Chye
Format: Book
Published: K.L : Pustaka Sistem Pelajaran Sdn Bhd , 1995
Subjects:

MARC

LEADER 00000cam a2200000 7i4500
001 0000006096
002 000006586
005 20000330.0
020 |a 9679025888 
090 0 0 |a 499.28   |b TAN 
100 0 |a Tan Huat Chye 
245 1 0 |a Fakta bersepadu SPM bahasa Melayu   |c Tan Huat Chyedan Mohd Lani bin Sobi 
260 |a K.L :   |b Pustaka Sistem Pelajaran Sdn Bhd ,   |c 1995 
300 |a 254p. ;   |c 25cm. 
650 0 0 |a Malay language   |x SPM 
999 |a 038236   |b BUKU   |c RUJUKAN   |e PERPUSTAKAAN KOMUNITI PETALING JAYA 
999 |a 038237   |b BUKU   |c RUJUKAN   |e PERPUSTAKAAN KOMUNITI PETALING JAYA 
999 |a 043252   |b BUKU   |c PINJAMAN   |e PERPUSTAKAAN KOMUNITI PETALING JAYA 
999 |a 043253   |b BUKU   |c PINJAMAN   |e PERPUSTAKAAN KOMUNITI PETALING JAYA